header

The origins of knowledge and imagination (Record no. 31043)

MARC details
000 -LEADER
fixed length control field 01301nam a2200349Ia 4500
082 04 - DEWEY DECIMAL CLASSIFICATION NUMBER
Classification number 121
100 1# - MAIN ENTRY--AUTHOR NAME
Personal name Bronowski, Jacob,
245 14 - TITLE STATEMENT
Title The origins of knowledge and imagination
260 ## - PUBLICATION, DISTRIBUTION, ETC. (IMPRINT)
Place of publication New Haven ;
-- London :
Name of publisher Yale University Press,
Year of publication 1978.
300 ## - PHYSICAL DESCRIPTION
Number of Pages xiii, 144 p.
490 1# - SERIES STATEMENT
Series statement Mrs. Hepsa Ely Silliman memorial lectures (Yale University)
500 ## - GENERAL NOTE
General note Includes index.
650 #0 - SUBJECT ADDED ENTRY--TOPICAL TERM
Topical Term Knowledge, Theory of.
Topical Term Imagination.
856 40 - ELECTRONIC LOCATION AND ACCESS
Uniform Resource Identifier http://site.ebrary.com/lib/rucke/Doc?id=10645483

No items available.

© 2026 Rongo University
Contact us: librarian | system librarian | Rongo university